Les villes les plus peuplées du Puy-de-Dôme - Statistiques

Statistiques générales
  • Ce quiz a été pris 463 fois
  • Le résultat moyen est 12 sur 20
Statistiques - réponses
Population Ville % Correct
137 154 Clermont-Ferrand
100%
18 575 Riom
94%
13 765 Issoire
83%
13 353 Thiers
83%
18 860 Cournon-d'Auvergne
71%
18 128 Chamalières
70%
9 915 Aubière
69%
7 312 Ambert
64%
9 069 Gerzat
61%
10 741 Beaumont
60%
8 850 Pont-du-Château
54%
4 652 Royat
54%
8 399 Lempdes
53%
7 799 Cébazat
50%
8 173 Romagnat
41%
4 867 Le Cendre
34%
5 596 Ceyrat
33%
5 219 Châtelguyon
31%
4 945 Lezoux
28%
4 610 Courpière
23%
Aucun quiz correspondant
Distribution des résultats
% des personnes avec chaque résultat
Percentile par nombre de réponses
Votre historique - résultats
Vous n’avez pas pris ce quiz